| 000 | 00472nam a22001577a 4500 | ||
|---|---|---|---|
| 003 | macl | ||
| 005 | 20190806122419.0 | ||
| 008 | 190806b xxu||||| |||| 00| 0 eng d | ||
| 040 | _cmacl | ||
| 082 | _a796 | ||
| 100 |
_aथानी ,योग राज _976096 |
||
| 245 | _aसचित्र खेल नियम | ||
| 260 |
_aदि'ल्ली _bपंजाब पुस्तक भंडार _c2018 |
||
| 650 |
_aखेल _953082 |
||
| 942 |
_2ddc _cHIN |
||
| 999 |
_c60640 _d60640 |
||